[Event "Doeberl Cup 2008"]
[Site "Canberra AUS"]
[Date "2008.03.20"]
[Round "1.34"]
[White "Redgrave, John"]
[Black "Oliver, Gareth"]
[Result "0-1"]
[WhiteElo "1841"]
[BlackElo "2164"]
[PlyCount "64"]
[EventDate "2008.03.20"]
[EventType "swiss"]
[EventRounds "9"]
[EventCountry "AUS"]
[Source "lmi"]
[SourceDate "2008.03.20"]

1. e4 c5 2. c4 e6 3. Nc3 Nc6 4. a3 Nf6 5. g3 d5 6. cxd5 exd5 7. exd5 Nxd5 8.
Bg2 Be6 9. Nge2 Be7 10. O-O Bf6 11. Re1 O-O 12. d3 Nd4 13. Nxd4 Bxd4 14. Ne2
Bf6 15. Nf4 Nxf4 16. Bxf4 Bd5 17. Be5 Bxg2 18. Kxg2 Re8 19. Bxf6 Qxf6 20. Qa4
Red8 21. Re2 g6 22. Rae1 Rxd3 23. Qe4 Rd7 24. Qa4 Rdd8 25. h4 Kg7 26. Qc2 Rd5
27. Re7 Rad8 28. Rxb7 Qc6 29. Ree7 R5d7+ 30. Kh3 Rxb7 31. Qc3+ Rd4 32. Re8 Qh1#
0-1

[Event "Doeberl Cup 2008"]
[Site "Canberra AUS"]
[Date "2008.03.20"]
[Round "1.35"]
[White "Pickering, Anthony"]
[Black "Wyss, Felix"]
[Result "0-1"]
[WhiteElo "1965"]
[BlackElo "1954"]
[PlyCount "68"]
[EventDate "2008.03.20"]
[EventType "swiss"]
[EventRounds "9"]
[EventCountry "AUS"]
[Source "lmi"]
[SourceDate "2008.03.20"]

1. e4 c5 2. Nf3 d6 3. d4 cxd4 4. Nxd4 Nf6 5. Nc3 g6 6. Be3 Nc6 7. Nxc6 bxc6 8.
Bc4 Bg7 9. e5 Ng4 10. e6 f5 11. Bd4 Nf6 12. O-O d5 13. Qf3 Bxe6 14. Rfe1 Bf7
15. Bc5 e6 16. Rad1 Qc8 17. Nxd5 cxd5 18. Bb5+ Kd8 19. Qa3 Qb7 20. Qa5+ Qc7 21.
Qa3 Ne4 22. Rxe4 fxe4 23. Bd6 Qb6 24. Ba6 Bxb2 25. Be7+ Kc7 26. Qg3+ e5 27. Rb1
Rhe8 28. Ba3 Qxa6 29. Bxb2 Qd6 30. Ba3 Qc6 31. c4 d4 32. Rb5 Rab8 33. Rxb8 Kxb8
34. Qb3+ Ka8 0-1

[Event "Doeberl Cup 2008"]
[Site "Canberra AUS"]
[Date "2008.03.20"]
[Round "2.1"]
[White "Zhang, Zhong"]
[Black "Hoffmann, Achim Gunter"]
[Result "1-0"]
[WhiteElo "2617"]
[BlackElo "2165"]
[PlyCount "59"]
[EventDate "2008.03.20"]
[EventType "swiss"]
[EventRounds "9"]
[EventCountry "AUS"]
[Source "lmi"]
[SourceDate "2008.03.20"]

1. e4 c5 2. Nf3 d6 3. d4 cxd4 4. Qxd4 Nc6 5. Bb5 Bd7 6. Bxc6 Bxc6 7. c4 f5 8.
exf5 Qa5+ 9. Nbd2 Qxf5 10. O-O e5 11. Re1 Be7 12. Qe3 Qg6 13. b4 Nf6 14. b5 Ng4
15. Qb3 Bd7 16. Ba3 Rf8 17. c5 Qh6 18. cxd6 Bg5 19. Nf1 O-O-O 20. h3 Nxf2 21.
Qc2+ Kb8 22. Qxf2 Bxb5 23. Rxe5 Bf6 24. Rxb5 Bxa1 25. Bc5 a6 26. Rb1 Qf6 27.
Bb6 Rd7 28. Bc7+ Rxc7 29. dxc7+ Kxc7 30. Rxa1 1-0

[Event "Doeberl Cup 2008"]
[Site "Canberra AUS"]
[Date "2008.03.20"]
[Round "2.6"]
[White "Antic, Dejan"]
[Black "Metz, Hartmut"]
[Result "1-0"]
[WhiteElo "2480"]
[BlackElo "2335"]
[PlyCount "75"]
[EventDate "2008.03.20"]
[EventType "swiss"]
[EventRounds "9"]
[EventCountry "AUS"]
[Source "lmi"]
[SourceDate "2008.03.20"]

1. d4 c6 2. c4 d5 3. Nf3 Nf6 4. e3 a6 5. Qc2 e6 6. Nbd2 Nbd7 7. Bd3 Be7 8. O-O
O-O 9. b3 b6 10. Bb2 Bb7 11. Ne5 Rc8 12. Rad1 Qc7 13. f4 Rfd8 14. Ndf3 h6 15.
f5 Nf8 16. fxe6 fxe6 17. Nh4 Bd6 18. Qe2 c5 19. Rxf6 gxf6 20. Ng4 Qg7 21. Rf1
Be7 22. dxc5 d4 23. Bxd4 Rxd4 24. exd4 bxc5 25. Bf5 Rc6 26. d5 exd5 27. cxd5
Rb6 28. Be4 Bc8 29. Nf5 Bxf5 30. Bxf5 h5 31. Ne3 Qg5 32. Nc4 Rb7 33. Be6+ Kg7
34. Ne3 Nxe6 35. dxe6 Rb4 36. Nf5+ Kf8 37. Qxa6 Rf4 38. Qc8+ 1-0

[Event "Doeberl Cup 2008"]
[Site "Canberra AUS"]
[Date "2008.03.20"]
[Round "2.7"]
[White "Steadman, Michael"]
[Black "Johansen, Darryl K"]
[Result "0-1"]
[WhiteElo "2238"]
[BlackElo "2475"]
[PlyCount "82"]
[EventDate "2008.03.20"]
[EventType "swiss"]
[EventRounds "9"]
[EventCountry "AUS"]
[Source "lmi"]
[SourceDate "2008.03.20"]

1. d4 Nf6 2. c4 e6 3. Nc3 Bb4 4. e3 b6 5. Nge2 Ne4 6. Qc2 Bb7 7. a3 Bxc3+ 8.
Nxc3 Nxc3 9. Qxc3 O-O 10. b3 f5 11. Bb2 Qe7 12. Bd3 d6 13. O-O Nd7 14. f3 c5
15. Rfe1 Rf7 16. Qc2 Qg5 17. Qf2 Raf8 18. Bc1 Qe7 19. Bb2 e5 20. dxe5 dxe5 21.
f4 Rf6 22. Rad1 Re6 23. Re2 Rg6 24. Qe1 Bf3 25. e4 fxe4 26. Bxe4 Bxe2 27. Qxe2
Rxf4 28. Bxg6 hxg6 29. Qd3 Qf7 30. Re1 Qe6 31. g3 Rf7 32. Qe4 Qf6 33. Qe3 Qf5
34. Bc3 g5 35. Qe2 g4 36. Rd1 Kh7 37. Rd5 Nf6 38. Rxe5 Qb1+ 39. Kg2 Qxb3 40.
Bb2 Qf3+ 41. Kg1 Rd7 0-1

[Event "Doeberl Cup 2008"]
[Site "Canberra AUS"]
[Date "2008.03.20"]
[Round "2.9"]
[White "Dragicevic, Domagoj"]
[Black "Smerdon, David"]
[Result "0-1"]
[WhiteElo "2215"]
[BlackElo "2459"]
[PlyCount "49"]
[EventDate "2008.03.20"]
[EventType "swiss"]
[EventRounds "9"]
[EventCountry "AUS"]
[Source "lmi"]
[SourceDate "2008.03.20"]

1. e4 Nf6 2. e5 Nd5 3. d4 d6 4. c4 Nb6 5. exd6 exd6 6. Bd3 g6 7. Nf3 Bg7 8. Bg5
Qd7 9. O-O O-O 10. Re1 Nc6 11. Qd2 Nxd4 12. Nxd4 Bxd4 13. Re7 Qc6 14. Na3 Bg7
15. Be4 Nxc4 16. Nxc4 Qxc4 17. Rc1 Qxa2 18. Bd5 Qxb2 19. Rcxc7 Qb1+ 20. Qc1 Qf5
21. Bxf7+ Kh8 22. Bh6 Bxh6 23. Qxh6 Be6 24. Rxe6 Rxf7 25. Rxf7 0-1

[Event "Doeberl Cup 2008"]
[Site "Canberra AUS"]
[Date "2008.03.20"]
[Round "2.10"]
[White "Li, Ruofan"]
[Black "Farrell, Roger S"]
[Result "1-0"]
[WhiteElo "2425"]
[BlackElo "2208"]
[PlyCount "97"]
[EventDate "2008.03.20"]
[EventType "swiss"]
[EventRounds "9"]
[EventCountry "AUS"]
[Source "lmi"]
[SourceDate "2008.03.20"]

1. d4 Nf6 2. c4 e6 3. Nc3 d5 4. Bg5 Be7 5. Nf3 O-O 6. e3 h6 7. Bh4 b6 8. Bd3
Bb7 9. O-O Nbd7 10. Qe2 c5 11. cxd5 exd5 12. Rad1 a6 13. Bb1 c4 14. Ne5 b5 15.
Qc2 Re8 16. f3 b4 17. Ne2 Nf8 18. Ng3 g6 19. e4 Rc8 20. Qc1 Kg7 21. Bxf6+ Bxf6
22. Ng4 Bg5 23. f4 Bh4 24. e5 h5 25. Ne3 c3 26. Nxh5+ gxh5 27. Nf5+ Kg8 28. Qc2
Rc6 29. bxc3 bxc3 30. Rd3 Bc8 31. Ne3 Qa5 32. Qe2 Rh6 33. Qf3 Rd8 34. f5 Nh7
35. Nd1 Ng5 36. Qf4 Bxf5 37. Qxf5 Rg6 38. Rxc3 Rg7 39. Qf4 Ne4 40. Qxh4 Nxc3
41. Nxc3 Rc8 42. Ne2 Qd2 43. Qxh5 Qe3+ 44. Kh1 Rd8 45. Ng3 Qd2 46. Qf3 Rf8 47.
Nf5 Rg5 48. Ne7+ Kh8 49. Ng6+ 1-0

[Event "Doeberl Cup 2008"]
[Site "Canberra AUS"]
[Date "2008.03.20"]
[Round "2.11"]
[White "Wright, Neil"]
[Black "Bitansky, Igor"]
[Result "0-1"]
[WhiteElo "2207"]
[BlackElo "2424"]
[PlyCount "76"]
[EventDate "2008.03.20"]
[EventType "swiss"]
[EventRounds "9"]
[EventCountry "AUS"]
[Source "lmi"]
[SourceDate "2008.03.20"]

1. Nf3 Nf6 2. c4 g6 3. b4 Bg7 4. Bb2 O-O 5. e3 d6 6. d4 Nbd7 7. Be2 e5 8. Qc2
Re8 9. O-O e4 10. Nfd2 Nf8 11. Nc3 Bf5 12. a4 h5 13. a5 h4 14. a6 b6 15. c5 h3
16. g3 d5 17. Rfc1 Ne6 18. Bb5 Nxd4 19. Qd1 Nxb5 20. Nxb5 Bd7 21. Qf1 Bxb5 22.
Qxb5 Ng4 23. Bxg7 Kxg7 24. Nb3 Qf6 25. Qe2 Ne5 26. cxb6 Nf3+ 27. Kh1 cxb6 28.
Rc7 Rac8 29. Rac1 Rxc7 30. Rxc7 d4 31. exd4 Nxd4 32. Nxd4 Qxd4 33. Qf1 Rd8 34.
Rc1 e3 35. fxe3 Qe4+ 36. Kg1 Qxe3+ 37. Kh1 Rd5 38. Re1 Rf5 0-1

[Event "Doeberl Cup 2008"]
[Site "Canberra AUS"]
[Date "2008.03.20"]
[Round "2.13"]
[White "Skiotis, Pano"]
[Black "Toth, Andras"]
[Result "1-0"]
[WhiteElo "2174"]
[BlackElo "2410"]
[PlyCount "94"]
[EventDate "2008.03.20"]
[EventType "swiss"]
[EventRounds "9"]
[EventCountry "AUS"]
[Source "lmi"]
[SourceDate "2008.03.20"]

1. d4 Nf6 2. Nf3 g6 3. Bf4 Bg7 4. e3 d5 5. Be2 c5 6. Nc3 a6 7. dxc5 Nbd7 8. O-O
Nxc5 9. Be5 Ncd7 10. Bd4 O-O 11. Nxd5 Nxd5 12. Bxg7 Nxe3 13. Qd2 Kxg7 14. Qxe3
Qb6 15. Qxb6 Nxb6 16. Ne5 Bf5 17. Bd3 Bxd3 18. Nxd3 Rac8 19. Rfe1 e6 20. Re2
Rfd8 21. Rae1 Na4 22. f4 b5 23. Kf2 Nb6 24. Kf3 Nd5 25. g3 b4 26. Ra1 Rb8 27.
Ne5 Rdc8 28. Rd2 a5 29. Rg1 a4 30. Rb1 f6 31. Nd3 Rc6 32. Re1 Rbc8 33. Rc1 a3
34. b3 Rb6 35. Re1 Rbc6 36. Rc1 Rc3 37. Ke2 h5 38. Kf2 R8c7 39. Ke2 e5 40. fxe5
fxe5 41. Nf2 Re3+ 42. Kf1 Nc3 43. Ra1 Rf7 44. Kg2 e4 45. Nh3 Re2+ 46. Rxe2 Nxe2
47. Ng5 Rc7 1-0

[Event "Doeberl Cup 2008"]
[Site "Canberra AUS"]
[Date "2008.03.20"]
[Round "2.15"]
[White "Goldenberg, Igor"]
[Black "Dowden, R. Anthony"]
[Result "1-0"]
[WhiteElo "2395"]
[BlackElo "2170"]
[PlyCount "59"]
[EventDate "2008.03.20"]
[EventType "swiss"]
[EventRounds "9"]
[EventCountry "AUS"]
[Source "lmi"]
[SourceDate "2008.03.20"]

1. c4 b6 2. Nc3 e6 3. e4 Bb7 4. Nf3 Bb4 5. Bd3 Nc6 6. O-O g5 7. Be2 g4 8. Ne1
h5 9. d4 Qf6 10. Nb5 Bxe1 11. Rxe1 O-O-O 12. Be3 Qg6 13. Bd3 a6 14. Nc3 h4 15.
a3 Nge7 16. b4 e5 17. d5 Nd4 18. Bxd4 exd4 19. Ne2 g3 20. fxg3 hxg3 21. h3 c5
22. bxc5 bxc5 23. Qd2 Rh4 24. Rab1 d6 25. e5 Qg7 26. Qb2 Rd7 27. exd6 Qh6 28.
Nxg3 Qxd6 29. Nf5 Qf6 30. Nxh4 1-0

[Event "Doeberl Cup 2008"]
[Site "Canberra AUS"]
[Date "2008.03.20"]
[Round "2.16"]
[White "Wyss, Felix"]
[Black "Wang, Puchen"]
[Result "0-1"]
[WhiteElo "1954"]
[BlackElo "2383"]
[PlyCount "80"]
[EventDate "2008.03.20"]
[EventType "swiss"]
[EventRounds "9"]
[EventCountry "AUS"]
[Source "lmi"]
[SourceDate "2008.03.20"]

1. d4 Nf6 2. c4 c5 3. d5 b5 4. cxb5 a6 5. Nc3 axb5 6. Nxb5 Ba6 7. Nc3 g6 8. g3
d6 9. e4 Bxf1 10. Kxf1 Bg7 11. Nge2 Nbd7 12. Kg2 O-O 13. Re1 Qa5 14. Bd2 Rfb8
15. Qc2 Ne8 16. a4 Qb4 17. Reb1 Qb3 18. Qxb3 Rxb3 19. Nc1 Rb7 20. Nb5 Nb6 21.
Nc3 Nc4 22. Be1 Rxb2 23. Rxb2 Nxb2 24. a5 Nc4 25. a6 Nc7 26. a7 Bxc3 27. Bxc3
Nb5 28. Rb1 Nca3 29. Rb3 Rxa7 30. Bb2 Ra4 31. Na2 f6 32. f3 Kf7 33. Kf2 Nc4 34.
Nc1 Nxb2 35. Rxb2 Nd4 36. Ra2 Rb4 37. Rd2 Nb3 38. Nxb3 Rxb3 39. Rc2 f5 40. e5
Rd3 0-1

[Event "Doeberl Cup 2008"]
[Site "Canberra AUS"]
[Date "2008.03.20"]
[Round "2.18"]
[White "Illingworth, Max"]
[Black "Bjelobrk, Igor"]
[Result "0-1"]
[WhiteElo "2152"]
[BlackElo "2381"]
[PlyCount "112"]
[EventDate "2008.03.20"]
[EventType "swiss"]
[EventRounds "9"]
[EventCountry "AUS"]
[Source "lmi"]
[SourceDate "2008.03.20"]

1. d4 d5 2. c4 c6 3. Nc3 Nf6 4. e3 g6 5. Nf3 Bg7 6. Be2 O-O 7. O-O a6 8. Qb3
Ra7 9. Ne5 Be6 10. f4 Nbd7 11. Bd2 dxc4 12. Bxc4 Bxc4 13. Qxc4 e6 14. Rad1 Qe7
15. b4 Nb6 16. Qd3 Nbd5 17. a3 Rd8 18. Na4 Nd7 19. e4 N5b6 20. Nxb6 Nxb6 21.
Be3 Nd7 22. Nxd7 Rxd7 23. d5 Ra8 24. d6 Qf6 25. e5 Qf5 26. Qe2 h5 27. g3 Qg4
28. Qxg4 hxg4 29. a4 f6 30. Bd4 a5 31. b5 c5 32. Bc3 b6 33. exf6 Bh8 34. h3 Kf7
35. hxg4 Bxf6 36. Be5 Rf8 37. Kg2 Ke8 38. g5 Bg7 39. Bxg7 Rxg7 40. Kf3 Rh8 41.
Ke4 Kd7 42. Ke5 Rf7 43. Rh1 Rf5+ 44. Ke4 Rxh1 45. Rxh1 Rd5 46. Rh6 c4 47. Rh2
Kxd6 48. g4 Kc5 49. Rc2 Kb4 50. f5 gxf5+ 51. gxf5 Rxf5 52. Rg2 c3 53. Kd3 Kb3
54. g6 Rd5+ 55. Ke4 c2 56. g7 Rd8 0-1

[Event "Doeberl Cup 2008"]
[Site "Canberra AUS"]
[Date "2008.03.20"]
[Round "2.20"]
[White "Stojic, Svetozar"]
[Black "Kresovic, Velimir"]
[Result "0-1"]
[WhiteElo "1995"]
[BlackElo "2245"]
[PlyCount "100"]
[EventDate "2008.03.20"]
[EventType "swiss"]
[EventRounds "9"]
[EventCountry "AUS"]
[Source "lmi"]
[SourceDate "2008.03.20"]

1. e4 c5 2. Nf3 Nc6 3. d4 cxd4 4. Nxd4 Nf6 5. Nc3 e5 6. Ndb5 d6 7. Bg5 a6 8.
Na3 b5 9. Nd5 Be7 10. Bxf6 Bxf6 11. c3 Rb8 12. Nc2 Bg5 13. Bd3 O-O 14. O-O a5
15. Nce3 Bxe3 16. fxe3 Be6 17. a4 bxa4 18. Qxa4 Bxd5 19. exd5 Ne7 20. Qxa5 Rxb2
21. Qxd8 Rxd8 22. Ra7 Kf8 23. e4 Rb3 24. Rc7 Rc8 25. Rxc8+ Nxc8 26. Rc1 Nb6 27.
Be2 Na4 28. c4 Nc5 29. Bf3 Nd3 30. Rd1 Rc3 31. Be2 Nc5 32. Bf3 Rxc4 33. Re1 g6
34. g3 Kg7 35. Re2 f5 36. exf5 gxf5 37. Rd2 Kf6 38. Kf2 e4 39. Be2 Rc3 40. Ra2
Ke5 41. Ra7 Kd4 42. Rxh7 Rc2 43. h4 Nd3+ 44. Kf1 Rc1+ 45. Kg2 Ke3 46. Bh5 f4
47. gxf4 Nxf4+ 48. Kh2 Rc2+ 49. Kh1 Kd4 50. Bf7 e3 0-1

[Event "Doeberl Cup 2008"]
[Site "Canberra AUS"]
[Date "2008.03.20"]
[Round "2.21"]
[White "Haessler, Carl"]
[Black "Stojic, Dusan"]
[Result "1/2-1/2"]
[WhiteElo "2147"]
[BlackElo "2155"]
[PlyCount "78"]
[EventDate "2008.03.20"]
[EventType "swiss"]
[EventRounds "9"]
[EventCountry "AUS"]
[Source "lmi"]
[SourceDate "2008.03.20"]

1. Nf3 Nf6 2. g3 g6 3. b3 Bg7 4. Bb2 O-O 5. Bg2 d6 6. d4 Nbd7 7. c4 e5 8. dxe5
dxe5 9. O-O Re8 10. Nxe5 Nxe5 11. Qxd8 Rxd8 12. Bxe5 Re8 13. Bd4 Rxe2 14. Nc3
Rd2 15. Rad1 Rxd1 16. Rxd1 c6 17. Na4 Bg4 18. f3 Bf5 19. Bf2 h5 20. h3 Nd7 21.
f4 Nf6 22. Kh2 Ne4 23. Bxe4 Bxe4 24. Nc5 Bc2 25. Rd2 Bb1 26. Nxb7 Re8 27. a4
Bc3 28. Rd8 Rxd8 29. Nxd8 c5 30. Nb7 Bd4 31. Kg1 Bc2 32. a5 Bxb3 33. Nd6 a6 34.
Kf1 Bc3 35. Be1 Bf6 36. Ke2 Be7 37. Nc8 Bxc4+ 38. Kd2 Bf6 39. Nd6 Bf1 1/2-1/2

[Event "Doeberl Cup 2008"]
[Site "Canberra AUS"]
[Date "2008.03.20"]
[Round "2.22"]
[White "Caoili, Arianne"]
[Black "Pickering, Anthony"]
[Result "1-0"]
[WhiteElo "2144"]
[BlackElo "1965"]
[PlyCount "71"]
[EventDate "2008.03.20"]
[EventType "swiss"]
[EventRounds "9"]
[EventCountry "AUS"]
[Source "lmi"]
[SourceDate "2008.03.20"]

1. d4 Nf6 2. Nf3 e6 3. c4 b6 4. g3 Bb7 5. Bg2 c5 6. dxc5 Bxc5 7. Nc3 O-O 8. Qd3
Nc6 9. O-O Nb4 10. Qb1 Rc8 11. a3 Nc6 12. Rd1 Qc7 13. b4 Be7 14. Bf4 e5 15. Nb5
Qb8 16. Bg5 Rfd8 17. Ra2 a5 18. Bxf6 gxf6 19. Nh4 axb4 20. Nf5 Bf8 21. Nbd6 Na5
22. Bxb7 Nxb7 23. Nxc8 Qxc8 24. axb4 Qxc4 25. Ra7 Qc6 26. b5 Qc8 27. Qe4 Nc5
28. Qh4 Ne6 29. Qxf6 Qc2 30. Rda1 Qxe2 31. Nh6+ Bxh6 32. Qxh6 Qf3 33. R7a3 Qf5
34. Ra8 Qc2 35. Rxd8+ Nxd8 36. Qg5+ 1-0

[Event "Doeberl Cup 2008"]
[Site "Canberra AUS"]
[Date "2008.03.20"]
[Round "2.23"]
[White "Dilla, Edsil"]
[Black "Yu, Derek"]
[Result "0-1"]
[WhiteElo "2153"]
[BlackElo "1987"]
[PlyCount "74"]
[EventDate "2008.03.20"]
[EventType "swiss"]
[EventRounds "9"]
[EventCountry "AUS"]
[Source "lmi"]
[SourceDate "2008.03.20"]

1. c4 c6 2. Nc3 d5 3. d4 dxc4 4. a4 e5 5. dxe5 Qxd1+ 6. Nxd1 Be6 7. e4 Nd7 8.
Nf3 Ne7 9. Bf4 Ng6 10. Bg3 O-O-O 11. Nc3 Bb4 12. Be2 h6 13. Nd2 h5 14. h3 Ndxe5
15. Rd1 Nd3+ 16. Bxd3 Rxd3 17. Ndb1 Rhd8 18. Rxd3 cxd3 19. Kd2 Bb3 20. Na3 Bxa4
21. Nc4 Bb3 22. Ne3 Nf8 23. Bh4 f6 24. f4 Ne6 25. e5 g5 26. fxg5 fxg5 27. Bf2
Nc5 28. Ned1 Ne4+ 29. Ke3 Nxf2 30. Kxf2 Bc5+ 31. Kf3 Bd4 32. Ke4 Bxc3 33. Nxc3
d2 34. Nd1 Bc2+ 35. Ke3 Rd5 36. Rf1 Bxd1 37. Rxd1 Rxe5+ 0-1

[Event "Doeberl Cup 2008"]
[Site "Canberra AUS"]
[Date "2008.03.20"]
[Round "2.24"]
[White "Rout, Ian C"]
[Black "Kempen, Leon"]
[Result "1-0"]
[WhiteElo "1990"]
[BlackElo "2142"]
[PlyCount "73"]
[EventDate "2008.03.20"]
[EventType "swiss"]
[EventRounds "9"]
[EventCountry "AUS"]
[Source "lmi"]
[SourceDate "2008.03.20"]

1. d4 d6 2. c4 Nd7 3. Nc3 c6 4. Nf3 Qc7 5. g3 Ngf6 6. Bg2 g6 7. O-O Bg7 8. b3
O-O 9. Bb2 Rd8 10. e3 Nf8 11. Qe2 Rb8 12. Rad1 Qa5 13. a4 a6 14. d5 c5 15. Qc2
h6 16. e4 Bg4 17. h3 Bxf3 18. Bxf3 N8d7 19. Rde1 Nh7 20. Be2 g5 21. f4 Bd4+ 22.
Kh2 Ndf6 23. Bd3 Qc7 24. Nd1 Nf8 25. e5 Bxb2 26. Qxb2 Ne8 27. Ne3 dxe5 28. Nf5
e4 29. Nxh6+ Kh7 30. Bxe4+ Ng6 31. Nxf7 Nf6 32. Nxg5+ Kh6 33. Bxg6 Kxg6 34.
Qc2+ Kh6 35. Re6 Kg7 36. Rfe1 Rd7 37. Rxf6 1-0

[Event "Doeberl Cup 2008"]
[Site "Canberra AUS"]
[Date "2008.03.20"]
[Round "2.26"]
[White "Davis, Tony"]
[Black "Dotsenko, Viacheslav"]
[Result "1/2-1/2"]
[WhiteElo "1975"]
[BlackElo "2132"]
[PlyCount "62"]
[EventDate "2008.03.20"]
[EventType "swiss"]
[EventRounds "9"]
[EventCountry "AUS"]
[Source "lmi"]
[SourceDate "2008.03.20"]

1. d4 d5 2. Nc3 c6 3. e4 dxe4 4. Nxe4 Bf5 5. Nc5 Qb6 6. g4 Bc8 7. Nb3 Nd7 8.
Bg2 e6 9. Be3 Qc7 10. c4 h5 11. g5 Ne7 12. Qd2 Ng6 13. h4 Nb6 14. Rc1 e5 15. c5
Nd5 16. Ne2 Bg4 17. Be4 O-O-O 18. Rc4 Ngf4 19. Bxf4 exf4 20. f3 Re8 21. Ra4 a6
22. Kf2 Ne3 23. Nxf4 Rxe4 24. Ne2 Re8 25. fxg4 Nxg4+ 26. Kf1 Ne3+ 27. Ke1 Qd7
28. Rg1 Qf5 29. Nbc1 Nc2+ 30. Kd1 Ne3+ 31. Ke1 Nc2+ 1/2-1/2

[Event "Doeberl Cup 2008"]
[Site "Canberra AUS"]
[Date "2008.03.20"]
[Round "2.27"]
[White "Broekhuyse, Paul"]
[Black "Chung, Francisco"]
[Result "1-0"]
[WhiteElo "2130"]
[BlackElo "1942"]
[PlyCount "65"]
[EventDate "2008.03.20"]
[EventType "swiss"]
[EventRounds "9"]
[EventCountry "AUS"]
[Source "lmi"]
[SourceDate "2008.03.20"]

1. d4 Nf6 2. c4 e6 3. Nf3 c5 4. e3 d5 5. Nc3 Nc6 6. Be2 Be7 7. O-O O-O 8. a3 b6
9. cxd5 exd5 10. Ne5 Bb7 11. Qa4 Nxe5 12. dxe5 Nd7 13. f4 c4 14. Kh1 Nc5 15.
Qd1 Rc8 16. Bg4 Nd3 17. Bxc8 Qxc8 18. f5 Qc6 19. e4 dxe4 20. f6 gxf6 21. Bh6 f5
22. Bxf8 Bxf8 23. Rxf5 Qg6 24. Qh5 Qxh5 25. Rxh5 Bc5 26. h3 Bd4 27. e6 fxe6 28.
Rf1 Nf2+ 29. Kh2 e3 30. Rh4 e5 31. Kg3 e4 32. Rh5 Bg7 33. Rf5 1-0

[Event "Doeberl Cup 2008"]
[Site "Canberra AUS"]
[Date "2008.03.20"]
[Round "2.28"]
[White "Holland, Dennis"]
[Black "Hu, Jason"]
[Result "0-1"]
[WhiteElo "1960"]
[BlackElo "2120"]
[PlyCount "44"]
[EventDate "2008.03.20"]
[EventType "swiss"]
[EventRounds "9"]
[EventCountry "AUS"]
[Source "lmi"]
[SourceDate "2008.03.20"]

1. d4 c5 2. e3 d5 3. Nf3 Nc6 4. c4 e6 5. Nc3 Nf6 6. a3 a6 7. b3 cxd4 8. Nxd4
Bd6 9. cxd5 exd5 10. Bd3 O-O 11. O-O Bxh2+ 12. Kxh2 Ng4+ 13. Kg1 Nxd4 14. g3
Nc6 15. Qc2 d4 16. Bxh7+ Kh8 17. Rd1 Qf6 18. Kg2 dxc3 19. Rh1 Nh6 20. Bd3 Bg4
21. f4 Rad8 22. a4 Nb4 0-1

[Event "Doeberl Cup 2008"]
[Site "Canberra AUS"]
[Date "2008.03.20"]
[Round "2.29"]
[White "Nguyen, Thu Giang"]
[Black "Oliver, Shannon"]
[Result "1-0"]
[WhiteElo "2106"]
[BlackElo "1940"]
[PlyCount "53"]
[EventDate "2008.03.20"]
[EventType "swiss"]
[EventRounds "9"]
[EventCountry "AUS"]
[Source "lmi"]
[SourceDate "2008.03.20"]

1. e4 c5 2. Nc3 Nc6 3. g3 g6 4. Bg2 Bg7 5. d3 e6 6. Be3 Nd4 7. Qd2 Ne7 8. f4 d5
9. Nh3 O-O 10. O-O b6 11. e5 Nec6 12. Rae1 Nf5 13. Bf2 Bb7 14. g4 Nfe7 15. Bh4
Qd7 16. Bf6 a6 17. Qf2 Rfc8 18. Qh4 Bf8 19. f5 exf5 20. Ng5 h6 21. Nxf7 Kh7 22.
e6 Qc7 23. Bg5 Ng8 24. Nxd5 Qb8 25. Bxh6 Bxh6 26. Nxh6 Kg7 27. Nxf5+ 1-0

[Event "Doeberl Cup 2008"]
[Site "Canberra AUS"]
[Date "2008.03.20"]
[Round "2.30"]
[White "Canfell, Mike J"]
[Black "Bennett, Hilton"]
[Result "0-1"]
[WhiteElo "1941"]
[BlackElo "2094"]
[PlyCount "46"]
[EventDate "2008.03.20"]
[EventType "swiss"]
[EventRounds "9"]
[EventCountry "AUS"]
[Source "lmi"]
[SourceDate "2008.03.20"]

1. e4 d5 2. exd5 Nf6 3. d4 Bg4 4. f3 Bf5 5. g4 Bg6 6. Bb5+ Nbd7 7. h4 h5 8. g5
Nxd5 9. Ne2 Nb4 10. Na3 c6 11. Ba4 Qa5 12. Nc3 Qc7 13. Ne2 O-O-O 14. Bd2 e5 15.
Bxb4 Bxb4+ 16. c3 Bxa3 17. bxa3 exd4 18. cxd4 Rhe8 19. O-O Re3 20. Bc2 Rde8 21.
Rf2 Nf8 22. Bb3 Bd3 23. Nc3 Qg3+ 0-1

[Event "Doeberl Cup 2008"]
[Site "Canberra AUS"]
[Date "2008.03.20"]
[Round "2.31"]
[White "Yuan, Yi"]
[Black "Moylan, Laura"]
[Result "1-0"]
[WhiteElo "1937"]
[BlackElo "2092"]
[PlyCount "50"]
[EventDate "2008.03.20"]
[EventType "swiss"]
[EventRounds "9"]
[EventCountry "AUS"]
[Source "lmi"]
[SourceDate "2008.03.20"]

1. e4 c5 2. c3 d5 3. exd5 Qxd5 4. d4 Nf6 5. Be3 cxd4 6. cxd4 e6 7. Nc3 Qd8 8.
Nf3 Be7 9. Bd3 a6 10. O-O O-O 11. Rc1 b5 12. a3 Bb7 13. Bb1 Nbd7 14. Re1 Rc8
15. h3 Nb6 16. Ne5 Nbd5 17. Bg5 Nxc3 18. Rxc3 Rxc3 19. bxc3 Ne8 20. Qc2 g6 21.
Bh6 Ng7 22. Qb2 Qd6 23. Bc1 Bd5 24. Bd3 Rc8 25. Qd2 f6 1-0

[Event "Doeberl Cup 2008"]
[Site "Canberra AUS"]
[Date "2008.03.20"]
[Round "2.32"]
[White "Nakauchi, Gene"]
[Black "Zulfic, Fedja"]
[Result "1-0"]
[WhiteElo "2092"]
[BlackElo "1933"]
[PlyCount "52"]
[EventDate "2008.03.20"]
[EventType "swiss"]
[EventRounds "9"]
[EventCountry "AUS"]
[Source "lmi"]
[SourceDate "2008.03.20"]

1. d4 d5 2. c4 c6 3. Nc3 f5 4. cxd5 cxd5 5. Bf4 Nc6 6. Nf3 Nf6 7. e3 e6 8. Ne5
Nxe5 9. Bxe5 a6 10. Bd3 Be7 11. O-O O-O 12. Rc1 Bd7 13. Qb3 b5 14. f3 Rc8 15.
a3 Qb6 16. Kh1 Bd6 17. Na4 Qb8 18. Bxd6 Qxd6 19. Nc5 Be8 20. Qb4 Nd7 21. Nxe6
Qxe6 22. Rxc8 Nf6 23. Rfc1 Qxe3 24. Bxf5 g6 25. Re1 Qf4 26. Be6+ Kg7 1-0

[Event "Doeberl Cup 2008"]
[Site "Canberra AUS"]
[Date "2008.03.20"]
[Round "2.33"]
[White "Jule, Alexandra"]
[Black "Brown, Andrew"]
[Result "1-0"]
[WhiteElo "1931"]
[BlackElo "2004"]
[PlyCount "63"]
[EventDate "2008.03.20"]
[EventType "swiss"]
[EventRounds "9"]
[EventCountry "AUS"]
[Source "lmi"]
[SourceDate "2008.03.20"]

1. d4 Nf6 2. Nf3 g6 3. g3 Bg7 4. Bg2 c5 5. Nc3 d5 6. Bg5 Ne4 7. Be3 Nc6 8. O-O
O-O 9. Nb5 a6 10. Nc3 Bf5 11. Na4 cxd4 12. Nxd4 Nxd4 13. Bxd4 e5 14. Bb6 Qd7
15. b3 Rac8 16. c4 Nf6 17. Bxd5 Nxd5 18. Qxd5 Qxd5 19. cxd5 Rc2 20. Rad1 Rfc8
21. d6 Bd7 22. Bc7 Bxa4 23. bxa4 Bf6 24. Rc1 Rxe2 25. d7 Rf8 26. Rfd1 Rxa2 27.
a5 Kg7 28. d8=Q Bxd8 29. Rxd8 Rxd8 30. Bxd8 Rd2 31. Bb6 Rd7 32. Kg2 1-0

[Event "Doeberl Cup 2008"]
[Site "Canberra AUS"]
[Date "2008.03.20"]
[Round "2.35"]
[White "Szuveges, Narelle"]
[Black "Schon, Eugene"]
[Result "0-1"]
[WhiteElo "1867"]
[BlackElo "2002"]
[PlyCount "100"]
[EventDate "2008.03.20"]
[EventType "swiss"]
[EventRounds "9"]
[EventCountry "AUS"]
[Source "lmi"]
[SourceDate "2008.03.20"]

1. d4 d5 2. c4 e6 3. Nc3 Nf6 4. cxd5 exd5 5. Bg5 c6 6. Qc2 Be7 7. e3 O-O 8. Bd3
h6 9. Bh4 Re8 10. Nge2 Nbd7 11. f3 Nf8 12. O-O Ne6 13. Bf2 b6 14. Qd2 c5 15.
Bb5 Bd7 16. Bxd7 Qxd7 17. Rad1 cxd4 18. Nxd4 Nxd4 19. Qxd4 Bc5 20. Qd3 Re5 21.
Rfe1 Rae8 22. Nb5 Rg5 23. Kh1 Rh5 24. Nd4 Bd6 25. h4 Bb8 26. Kg1 Qd6 27. Nf5
Qh2+ 28. Kf1 g6 29. g4 Nxg4 30. fxg4 Qh3+ 31. Ke2 Qxg4+ 32. Kd2 Rxf5 33. Re2
Rc8 34. Rc1 Qb4+ 35. Kd1 Rxc1+ 36. Kxc1 Rxf2 37. a3 Qc5+ 38. Kb1 Rxe2 39. Qxe2
Qc4 40. Qd2 Be5 41. Ka1 Qb3 42. Kb1 g5 43. hxg5 hxg5 44. Qg2 Bxb2 45. Qxg5+
Bg7+ 46. Kc1 Qxa3+ 47. Kd1 Qd6 48. Ke2 d4 49. exd4 Qxd4 50. Qc1 Qb2+ 0-1